| 000 | 00474nam a22001937a 4500 | ||
|---|---|---|---|
| 003 | MPLRDC | ||
| 005 | 20220104142732.0 | ||
| 008 | 210129b ||||| |||| 00| 0 eng d | ||
| 020 | _a962-428-106-8 | ||
| 082 | _a294.1 XTQ-3 | ||
| 100 | _a谢天诠著 | ||
| 245 |
_a白话八宅风水入门 _c |
||
| 250 | _a初版 | ||
| 260 |
_a _b香港出版集团有限公司 _c1996 |
||
| 300 | _b平 | ||
| 490 | _a改运知识系列; 10 | ||
| 650 | _a | ||
| 942 |
_cBK _o294.1 XTQ-3 |
||
| 999 |
_c33284 _d33274 |
||